Language Quiz

Random Language or Animal Quiz

Have You Seen These Animals? Quiz Stats

 Plays Quiz Updated Oct 7, 2012

Challenge
Share
Tweet
Embed
Score 0/25 Timer 05:00
1 Play Today
% Correct
KN___EDGE
82.1%
MIL___AIRE
79.9%
GUACA___
79.2%
GIG___IC
75.6%
F___OYANT
73.1%
OPE___OR
70.6%
___ARDLY
70.6%
S___HOLDER
70.2%
___WOOD
64.5%
SAB___H
63.1%
___EE
59.1%
VA___ION
58.8%
PO___MAN
56.8%
% Correct
VA___
56.6%
FOR___TE
55.7%
BILL___D
55.7%
CH___L
55.2%
F___R
54.6%
CA___EL
54.4%
DESI___ED
50%
L___IES
48.9%
GOD___ER
46.4%
P___G
42.6%
MI___AVE
41.9%
A___T
41.9%

You're not logged in!

Compare scores with friends on all Sporcle quizzes.
OR
Log In

You Might Also Like...

Show Comments

Extras

Top Quizzes Today


Score Distribution

Your Account Isn't Verified!

In order to create a playlist on Sporcle, you need to verify the email address you used during registration. Go to your Sporcle Settings to finish the process.

Report this User

Report this user for behavior that violates our Community Guidelines.

Details: